000
00215 a2200097 4500
001
8710
100
_a
Muhammad Taqi Usmani
245
_a
Islah-e-Muashra
260
_a
_b
Maktaba Darual Oloom
_c
090
_c
7020
_d
7020
942
_a
NUST-CAE
_c
M
_c
33624
999
_c
243783
_d
243783